El I.N.V.U.: organización, objetivos, el problema de vivienda, realizaciones, aspectos financieros, planes de vivienda, planeamiento físico

Uloženo v:
Podrobná bibliografie
Korporativní autor: Instituto Nacional de Vivienda y Urbanismo (Costa Rica)
Médium: Text
Jazyk:Spanish
Vydáno: Sna José :
Tagy: Přidat tag
Žádné tagy, Buďte první, kdo vytvoří štítek k tomuto záznamu!

MARC

LEADER 00000 a a2200000 04500
001 17897
003 cru CIDCACS/IIS
005 20231017154232.0
008 231017b |||||||| |||| 00| 0 spa d
040 |c cru CIDCACS/IIS 
090 |a 01.01.07 CR8374e  
110 |a Instituto Nacional de Vivienda y Urbanismo (Costa Rica)  
245 |a El I.N.V.U.: organización, objetivos, el problema de vivienda, realizaciones, aspectos financieros, planes de vivienda, planeamiento físico  
260 |a Sna José :  
300 |a 18 p.  
942 |2 z  |c LI  |h 01.01.07 CR8374e   |i 05650  |6 010107_CR8374E_05650 
999 |c 11953  |d 11953